000 01512cam a2200409 a 4500
999 _c1011
_d1011
001 005531711
003 OSt
005 20200312162708.0
008 190815r20162014nyu d 000 f eng d
020 _a9781442426719
_q(pbk.) :
020 _a1442426713
_q(pbk.) :
040 _aNCNU
_beng
_cNCNU
_dNCNU
_eAACR2
041 0 _aeng
042 _anbic
082 _aFIC HAN
100 1 _aHan, Jenny,
_eauthor.
245 1 0 _aTo all the boys I've loved before /
_cJenny Han.
246 3 _aTo all the boys I have loved before.
260 _aNew York, NY :
_bSimon & Schuster BFYR,
_c2016.
300 _a355 p., [23] p. :
_bill. ;
_c21 cm.
490 0 _aTo all the boys I've loved before ;
_vBook 1.
500 _a"Bonus content inside!"--Cover.
500 _aSequel: P.S.I still love you.
500 _aBonus content: Lara Jean's favorite Christmas Cookie Bonanza recipes! ; Sneak peak at author's, "P.S. I Still Love You."
520 _a"Lara Jean writes love letters to all the boys she has loved and then hides them in a hatbox until one day those letters are accidentally sent"--
_cProvided by publisher.
521 1 _a12 up.
650 0 _aInfatuation
_vJuvenile fiction.
650 0 _aLove-letters
_vFiction.
650 0 _aDating (Social customs)
_vFiction.
650 0 _aScandals
_vFiction.
650 0 _aTeenage girls
_vFiction.
650 0 _aSisters
_vFiction.
650 1 _aLove
_vFiction.
650 1 _aDating (Social customs)
_vFiction.
650 1 _aSisters
_vFiction.
942 _2ddc
_cFIC